Normal view
MARC view
- Krampf C.
Entry Personal Name
001 - CONTROL NUMBER
- control field: 5580
003 - CONTROL NUMBER IDENTIFIER
- control field: IT-RoPau
005 - DATE AND TIME OF LATEST TRANSACTION
- control field: 20131216161556.0
008 - FIXED-LENGTH DATA ELEMENTS
- fixed length control field: 131216|| aca||aabn | a|a d
040 ## - CATALOGING SOURCE
- Original cataloging agency: IT-RoPau
- Transcribing agency: IT-RoPau
100 ## - HEADING--PERSONAL NAME
- Personal name: Krampf C.
- Relator term: Autore testo/musica
- Miscellaneous information: Codice autore testo/musica SPICS: 22596
- Name of part/section of a work: I'll Be Here Where the Heart Is
670 ## - SOURCE DATA FOUND
- Source citation: Work cat.: (IT-RoPau)101154: AA.VV. 794, Flashdance (Lp Original Soundtrack From The Motion Picture)